Obce okresu Domažlice - Statistics

General Stats
  • This quiz has been taken 44 times
  • The average score is 31 of 76
Answer Stats
Počet obyvatel Odpověď % Correct
11 155 Domažlice
100%
5 227 Horšovský Týn
100%
5 139 Kdyně
100%
1 459 Klenčí pod Čerchovem
100%
371 Babylon
90%
975 Česká Kubice
80%
1 171 Mrákov
70%
1 523 Poběžovice
70%
3 392 Staňkov
70%
1 729 Bělá nad Radbuzou
60%
1 638 Blížejov
60%
431 Újezd
60%
775 Chodov
50%
1 216 Hostouň
50%
1 101 Kout na Šumavě
50%
146 Křenovy
50%
1 199 Meclov
50%
592 Milavče
50%
223 Nový Kramolín
50%
1 105 Postřekov
50%
148 Rybník
50%
216 Stráž
50%
404 Tlumačov
50%
523 Trhanov
50%
795 Všeruby
50%
456 Brnířov
40%
409 Chodská Lhota
40%
390 Díly
40%
450 Draženov
40%
286 Hlohová
40%
1 022 Koloveč
40%
432 Luženičky
40%
155 Nová Ves
40%
683 Osvračín
40%
192 Pasečnice
40%
216 Pec
40%
79 Pelechy
40%
209 Spáňov
40%
261 Čermná
30%
174 Hlohovčice
30%
124 Libkov
30%
126 Mezholezy
30%
118 Mezholezy
30%
325 Mířkov
30%
73 Močerady
30%
264 Mutěnín
30%
282 Nemanice
30%
106 Otov
30%
217 Pařezov
30%
368 Puclice
30%
231 Semněvice
30%
388 Srbice
30%
491 Srby
30%
243 Velký Malahov
30%
175 Vidice
30%
122 Vlkanov
30%
1 065 Zahořany
30%
146 Ždánov
30%
121 Chocomyšl
20%
385 Chrastavice
20%
200 Drahotín
20%
64 Hora Svatého Václava
20%
200 Hradiště
20%
38 Hvožďany
20%
195 Kanice
20%
32 Kaničky
20%
125 Loučim
20%
219 Mnichov
20%
138 Němčice
20%
195 Nevolice
20%
598 Pocinovice
20%
242 Poděvousy
20%
154 Úboč
20%
105 Únějovice
20%
130 Úsilov
20%
48 Všepadly
20%
No matching quizzes found
Score Distribution
Percent of People with Each Score
Percentile by Number Answered
Your Score History
You have not taken this quiz